'F' Vocabulary (Hard) Quiz Stats

 Plays Quiz Updated Dec 3, 2016

Support Sporcle.
Go Orange.
Score 0/25 Timer 09:00
0 Plays Today
% Correct
fugitive
95.5%
fuchsia
94.6%
futon
94.4%
fettuccine
94.1%
fortress
94%
flabbergast
93.2%
finicky
90.7%
francophone
90.2%
fallacy
89.5%
fjord
89.2%
fraudulent
89.2%
fissure
88.9%
filament
88.5%
% Correct
fuselage
88.3%
fetid
86.3%
frijol
84.9%
filibuster
84.3%
fortuitous
83.1%
flotsam
82.6%
fennel
82.4%
foray
80.6%
feckless
76.7%
facile
76.5%
festoon
73.1%
foment
69.9%

You're not logged in!

Compare scores with friends on all Sporcle quizzes.
OR
Log In

From the Vault

Books by Reading Level

by bazmerelda

If only the authors knew the standards we judge them by...
Remove Ads.
Support Sporcle.
Get the best of Sporcle when you Go Orange. This ad-free experience offers more features, more stats, and more fun while also helping to support Sporcle. Thank you for becoming a member.

Show Comments

Extras

Top Quizzes Today


Score Distribution

Your Account Isn't Verified!

In order to create a playlist on Sporcle, you need to verify the email address you used during registration. Go to your Sporcle Settings to finish the process.

Report this User

Report this user for behavior that violates our Community Guidelines.

Details: